Рота почетного караула: повесть; для старшего школьного возраста

Xehetasun bibliografikoak
Egile nagusia: Степанов В. А. Виктор Александрович
Beste egile batzuk: Солдатов А. (иллюстратор)
Hizkuntza:errusiera
Argitaratua: Москва, Детская литература, 1980
Gaiak:
Formatua: MixedMaterials Liburua
KOHA link:https://koha.lib.tpu.ru/cgi-bin/koha/opac-detail.pl?biblionumber=153910

MARC

LEADER 00000nam0a2200000 4500
001 153910
005 20231031151614.0
035 |a (RuTPU)RU\TPU\book\166958 
090 |a 153910 
100 |a 20090218d1980 e y0rusy5003 ca 
101 0 |a rus 
102 |a RU 
105 |a a z 000ay 
200 1 |a Рота почетного караула  |e повесть   |e для старшего школьного возраста  |f В. А. Степанов  |g худож. А. Солдатов 
210 |a Москва  |c Детская литература  |d 1980 
215 |a 142 с.  |c ил.  |d 21 см 
610 1 |a Советская Армия 
610 1 |a детская литература 
610 1 |a повести 
675 |a Р2  |z rus 
700 1 |a Степанов  |b В. А.  |g Виктор Александрович  |4 070 
702 1 |a Солдатов  |b А.  |4 440 
801 0 |a RU  |b RuMRKP  |c 19950417  |g psbo 
801 1 |a RU  |b 63413507  |c 20090218  |g PSBO 
801 2 |a RU  |b 63413507  |c 20090218  |g PSBO 
942 |c BK